000 005640000a22001810004500
003 MACL
005 20160514155204.0
008 160514b xxu||||| |||| 00| 0 eng d
040 _aMACL
_cMACL
041 _aHindi
082 _a891.433
100 _aगुप्‍त, योगेश
_945367
245 _aनिष्‍कृति
_cयोगेश गुप्‍त
260 _aदिल्‍ली
_bनया साहित्‍य केन्‍द्र
_c2010
350 _a180
650 _aStory
_957173
942 _cHIN
_k891.433/GUP/S
_2ddc
999 _c48615
_d48615